000 00422 a2200145 4500
005 20250529152554.0
020 _a9976 63 346 7
082 _a425 MAH
100 _aMAHUNDU, C. M.
245 _aHandbook for Basic English Course : Introduction to English Grammar Syntax and Composition.
250 _a3rd Ed
260 _aTanzania,
_bPeramiho,
_c1999.
300 _aviii, 143p.: ill.; table
_bIndex
_c20cm.
942 _2ddc
_cBKS
999 _c2855
_d2855